قياس أداء المكتبة : (Record no. 138997)

MARC details
000 -LEADER
fixed length control field 01411cam a2200301 a 4500
003 - CONTROL NUMBER IDENTIFIER
control field EG-GiCUC
008 - FIXED-LENGTH DATA ELEMENTS--GENERAL INFORMATION
fixed length control field 150409s2008 su a g 000 0 ara d
017 ## - COPYRIGHT OR LEGAL DEPOSIT NUMBER
Copyright or legal deposit number 1429 / 6373
Assigning agency السعودية . مكتبة الملك فهد الوطنية
020 ## - INTERNATIONAL STANDARD BOOK NUMBER
International Standard Book Number 978960003252
040 ## - CATALOGING SOURCE
Original cataloging agency EG-GiCUC
Language of cataloging ara
Transcribing agency EG-GiCUC
092 04 - LOCALLY ASSIGNED DEWEY CALL NUMBER (OCLC)
Classification number 023.9
Item number B8739
Edition number 21
099 ## - LOCAL FREE-TEXT CALL NUMBER (OCLC)
Classification number 04
-- 023.9 B8739
100 1# - MAIN ENTRY--PERSONAL NAME
Personal name بروفي: بيتر :
Dates associated with a name 1950-
245 10 - TITLE STATEMENT
Title قياس أداء المكتبة :
Remainder of title المبادئ و الأساليب /
Statement of responsibility, etc. تأليف بيتر بروفي ؛ ترجمة سليمان بن صالح العقلا.
260 ## - PUBLICATION, DISTRIBUTION, ETC.
Place of publication, distribution, etc. الرياض :
Name of publisher, distributor, etc. مكتبة الملك فهد الوطنية:
Date of publication, distribution, etc. 2008.
300 ## - PHYSICAL DESCRIPTION
Extent 460.ص :
Other physical details .؛ إيض
Dimensions 24 سم.
490 1# - SERIES STATEMENT
Series statement مطبوعات مكتبة الملك فهد الوطنية . السلسلة الثانية .61.
504 ## - BIBLIOGRAPHY, ETC. NOTE
Bibliography, etc. note يشتمل على ارجاعات ببليوجرافية.
650 #7 - SUBJECT ADDED ENTRY--TOPICAL TERM
Topical term or geographic name entry element المكتبات
General subdivision تقييم
Source of heading or term .qrmak
650 #7 - SUBJECT ADDED ENTRY--TOPICAL TERM
Topical term or geographic name entry element المكتبات
General subdivision تنظيم و ادارة
Source of heading or term .qrmak
700 1# - ADDED ENTRY--PERSONAL NAME
Personal name العقلا: سليمان بن صالح.
830 #0 - SERIES ADDED ENTRY--UNIFORM TITLE
Uniform title مطبوعات مكتبة الملك فهد الوطنية .
Number of part/section of a work السلسلة الثانية .
Volume/sequential designation 61.
902 ## - LOCAL DATA ELEMENT B, LDB (RLIN)
No. of Items 1
905 ## - LOCAL DATA ELEMENT E, LDE (RLIN)
Cataloger اميرة
Reviser مدخل
905 ## - LOCAL DATA ELEMENT E, LDE (RLIN)
Cataloger جيهان
Reviser مراجع
942 ## - ADDED ENTRY ELEMENTS (KOHA)
Source of classification or shelving scheme Dewey Decimal Classification
Koha item type Books
Holdings
Source of classification or shelving scheme Not for loan Home library Current library Date acquired Full call number Barcode Date last seen Koha item type
Dewey Decimal Classification   المكتبة المركزبة الجديدة - جامعة القاهرة قاعة الكتب - الدور الثاني 11.02.2024 023.9 B8739 01000100143808000 23.09.2023 Books
Cairo University Libraries Portal Implemented & Customized by: Eng. M. Mohamady Contacts: new-lib@cl.cu.edu.eg | cnul@cl.cu.edu.eg
CUCL logo CNUL logo
© All rights reserved — Cairo University Libraries
CUCL logo
Implemented & Customized by: Eng. M. Mohamady Contact: new-lib@cl.cu.edu.eg © All rights reserved — New Central Library
CNUL logo
Implemented & Customized by: Eng. M. Mohamady Contact: cnul@cl.cu.edu.eg © All rights reserved — Cairo National University Library